Polacy którzy wygrali Ligę Mistrzów - Statystyki

Ogólne statystyki
  • Ten quiz został rozwiązany 105 razy
    104 od ostatniego zresetowania
  • Średni wynik to 4 z 5
Statystyki odpowiedzi
Hint Odpowiedź % Poprawnych
Bayern Monachium 2020 Robert Lewandowski
100%
Juventus 1985 Zbigniew Boniek
93%
Liverpool 2005 Jerzy Dudek
91%
Manchester United 2008 Tomasz Kuszczak
65%
FC Porto 1987 Józef Młynarczyk
57%
Nie znaleziono quizów pasujących do podanych kryteriów
Rozkład punktacji
Procent ludzi z każdym wynikiem
Percentyl według liczby udzielonych odpowiedzi
Twoja historia wyników
Nie rozwiązałeś tego quizu od ostatniego zresetowania